George Ryga's The ecstasy of Rita Joe. (Record no. 136707)
[ view plain ]
| 000 -LEADER | |
|---|---|
| fixed length control field | 00552cam2a220019300 4500 |
| 001 - CONTROL NUMBER | |
| control field | qce01319686 |
| 005 - DATE AND TIME OF LATEST TRANSACTION | |
| control field | 20190822124256.0 |
| 008 - FIXED-LENGTH DATA ELEMENTS--GENERAL INFORMATION | |
| fixed length control field | 801201c19761970bcc 000 0 eng d |
| 035 ## - SYSTEM CONTROL NUMBER | |
| System control number | (Sirsi) r9776 |
| 035 ## - SYSTEM CONTROL NUMBER | |
| System control number | (QCAT)lss02941417 |
| 035 ## - SYSTEM CONTROL NUMBER | |
| System control number | (UPRA)qce01319686 |
| 040 ## - CATALOGING SOURCE | |
| Modifying agency | UPRA |
| 100 1# - MAIN ENTRY--PERSONAL NAME | |
| Personal name | Ryga, George. |
| Linkage | A63097.1 |
| 245 10 - TITLE STATEMENT | |
| Title | George Ryga's The ecstasy of Rita Joe. |
| 260 ## - PUBLICATION, DISTRIBUTION, ETC. | |
| Place of publication, distribution, etc. | Vancouver : |
| Name of publisher, distributor, etc. | Talonbooks, |
| Date of publication, distribution, etc. | 1976, c1970. |
| 740 4# - ADDED ENTRY--UNCONTROLLED RELATED/ANALYTICAL TITLE | |
| Uncontrolled related/analytical title | The ecstasy of Rita Joe. |
| 949 ## - LOCAL PROCESSING INFORMATION (OCLC) | |
| a | PR9199.3.R9 |
| w | lcc |
| i | -1285 |
| m | MAIN |
| t | BOOK |
| l | ON-SHELF |
No items available.